Deutsche Geschichte bis zum Ausgang des Mittelalters 3. Abschnitt : Deutsches Reich und Kaisertum : Anfänge und Aufstieg bis zum Beginn des Investiturstreits 911-1056 /

Elmentve itt :
Bibliográfiai részletek
Szerző: Jordan Karl
Dokumentumtípus: Cikk
Megjelent: 1957
Sorozat:Kolligátum
Kulcsszavak:Németország története - 10-11. sz.
Online Access:http://misc.bibl.u-szeged.hu/23873
LEADER 00681nab a2200169 i 4500
001 misc23873
005 20191111110400.0
008 171016s1957 hu o 0|| zxx d
040 |a SZTE Miscellanea Repozitórium  |b hun 
041 |a zxx 
100 1 |a Jordan Karl 
245 1 0 |a Deutsche Geschichte bis zum Ausgang des Mittelalters   |h [elektronikus dokumentum] :  |b 3. Abschnitt : Deutsches Reich und Kaisertum : Anfänge und Aufstieg bis zum Beginn des Investiturstreits 911-1056 /  |c  Jordan Karl 
260 |c 1957 
300 |a 1-68 
490 0 |a Kolligátum 
695 |a Németország története - 10-11. sz. 
856 4 0 |u http://misc.bibl.u-szeged.hu/23873/1/010_008_001-068.pdf  |z Dokumentum-elérés